| 000 | 00781cam a2200205 4500 | ||
|---|---|---|---|
| 001 | WB3546-01 | ||
| 008 | 000000n1999 000 0 eng u | ||
| 035 | _a(Sirsi) u102625 | ||
| 245 | _aAuctioneers bid for sales online | ||
| 260 | _c1999 | ||
| 490 |
_aSunday Business _v 21 November 1999, 9(2) |
||
| 520 | _aBritish auction houses in the face of tough competition and now all but in foreign ownership are trying to boost trade by re-inventing themselves online. Sotheby's is the latest to become an internet trader with a joint venture with Amazon.com. The address will be: www.Sothebys.amazon.com | ||
| 590 | _aWB | ||
| 650 | _aSOTHEBYS | ||
| 650 | _aAMAZON | ||
| 650 | _aINTERNET AUCTIONS | ||
| 650 | _aJOINT VENTURES | ||
| 690 |
_aAuctioneering _96218 |
||
| 942 | _n0 | ||
| 999 |
_c61621 _d61621 |
||